The signature of God : (Record no. 4059)
[ view plain ]
| 000 -LEADER | |
|---|---|
| fixed length control field | 01669cam a2200337Ia 4500 |
| 001 - CONTROL NUMBER | |
| control field | 36317991 |
| 003 - CONTROL NUMBER IDENTIFIER | |
| control field | OCoLC |
| 005 - DATE AND TIME OF LATEST TRANSACTION | |
| control field | 20181128155515.0 |
| 008 - FIXED-LENGTH DATA ELEMENTS--GENERAL INFORMATION | |
| fixed length control field | 970204s1996 onca b 000 0 eng d |
| 020 ## - INTERNATIONAL STANDARD BOOK NUMBER | |
| International Standard Book Number | 0921714289 (pbk.) : |
| Terms of availability | $13.95 |
| 020 ## - INTERNATIONAL STANDARD BOOK NUMBER | |
| International Standard Book Number | 9780921714286 (pbk.) |
| 035 ## - SYSTEM CONTROL NUMBER | |
| System control number | (OCoLC)36317991 |
| 040 ## - CATALOGING SOURCE | |
| Original cataloging agency | IF9 |
| Transcribing agency | IF9 |
| Modifying agency | GZM |
| -- | PLT |
| -- | BTCTA |
| -- | NZLPP |
| -- | YDXCP |
| -- | IXA |
| -- | CFT |
| -- | CHC |
| 050 #4 - LIBRARY OF CONGRESS CALL NUMBER | |
| Classification number | BS480 |
| Item number | .J44 1996 |
| 082 #4 - DEWEY DECIMAL CLASSIFICATION NUMBER | |
| Classification number | 220.1 |
| Edition number | 21 |
| 082 04 - DEWEY DECIMAL CLASSIFICATION NUMBER | |
| Classification number | 239 |
| Item number | J46S |
| 092 ## - LOCALLY ASSIGNED DEWEY CALL NUMBER (OCLC) | |
| Classification number | 239 |
| Item number | J46S |
| 100 1# - MAIN ENTRY--PERSONAL NAME | |
| Personal name | Jeffrey, Grant R. |
| 245 14 - TITLE STATEMENT | |
| Title | The signature of God : |
| Remainder of title | astonishing Biblical discoveries / |
| Statement of responsibility, etc. | Grant R. Jeffrey. |
| 246 30 - VARYING FORM OF TITLE | |
| Title proper/short title | Astonishing Biblical discoveries |
| 260 ## - PUBLICATION, DISTRIBUTION, ETC. | |
| Place of publication, distribution, etc. | Toronto, Ont. : |
| Name of publisher, distributor, etc. | Frontier Research, |
| Date of publication, distribution, etc. | c1996. |
| 300 ## - PHYSICAL DESCRIPTION | |
| Extent | 276 p. : |
| Other physical details | ill. ; |
| Dimensions | 22 cm. |
| 504 ## - BIBLIOGRAPHY, ETC. NOTE | |
| Bibliography, etc. note | Includes bibliographical references (p. 274-276). |
| 505 0# - FORMATTED CONTENTS NOTE | |
| Formatted contents note | The battle for the Bible -- Incredible evidence from historical documents -- Ancient Sinai inscriptions and the Exodus -- Startling archeological discoveries -- The historical evidence about Jesus Christ -- Scientific proof that the Bible is accurate -- Advanced medical knowledge in the Bible -- Precise fulfillment of Bible prophecy -- Evidence from prophecies fulfilled in our generation -- The mysterious Hebrew codes -- The name of Jesus encoded in the Old Testament -- The mathematical signature of God -- The phenomenon of "undesigned coincidences" -- The evidence of the men who wrote the New Testament -- The decision is yours. |
| 630 00 - SUBJECT ADDED ENTRY--UNIFORM TITLE | |
| Uniform title | Bible |
| General subdivision | Evidences, authority, etc. |
| 630 00 - SUBJECT ADDED ENTRY--UNIFORM TITLE | |
| Uniform title | Bible |
| General subdivision | Inspiration. |
| 650 #0 - SUBJECT ADDED ENTRY--TOPICAL TERM | |
| Topical term or geographic name entry element | Apologetics. |
| 650 #0 - SUBJECT ADDED ENTRY--TOPICAL TERM | |
| Topical term or geographic name entry element | Eschatology. |
| 650 #0 - SUBJECT ADDED ENTRY--TOPICAL TERM | |
| Topical term or geographic name entry element | Bible and science. |
| 942 ## - ADDED ENTRY ELEMENTS (KOHA) | |
| Source of classification or shelving scheme | Dewey Decimal Classification |
| Koha item type | Books |
| Withdrawn status | Lost status | Source of classification or shelving scheme | Damaged status | Not for loan | Collection code | Home library | Current library | Shelving location | Date acquired | Cost, normal purchase price | Total Checkouts | Full call number | Barcode | Date last seen | Price effective from | Koha item type |
|---|---|---|---|---|---|---|---|---|---|---|---|---|---|---|---|---|
| Dewey Decimal Classification | Not For Loan | Non-fiction | Harvest Mission College | Harvest Mission College | General Stacks | 28.11.2018 | 120.00 | 220.1 J46S | 004682 | 28.11.2018 | 28.11.2018 | Books |
